|
|
|
|
| LEADER |
01159nam a22002177a 4500 |
| 008 |
131230b xxu||||| |||| 00| 0 eng d |
| 020 |
|
|
|a 9788125037750
|
| 082 |
|
|
|a 791.430954 HOO
|
| 100 |
|
|
|a Hood, John W
|
| 245 |
|
|
|a The essential mystery :
|c John W Hood
|b major filmmakers of Indian art cinema /
|
| 250 |
|
|
|a 2nd rev. ed.
|
| 260 |
|
|
|a Hyderabad :
|c 2009
|b Orient Blackswan,
|
| 300 |
|
|
|a 631p
|
| 650 |
|
|
|a Film
|
| 650 |
|
|
|a Art cinema
|
| 942 |
|
|
|2 ddc
|c BK
|
| 999 |
|
|
|c 4908
|d 4908
|
| 952 |
|
|
|0 0
|1 0
|2 ddc
|4 0
|6 791_430954000000000_HOO
|7 0
|9 6889
|a MAIN
|b MAIN
|d 2013-12-30
|e Poorna Publications
|g 795.00
|o 791.430954 HOO
|p 7060
|r 2017-05-05
|t 1
|w 2013-12-30
|y BK
|
| 952 |
|
|
|0 0
|1 0
|2 ddc
|4 0
|6 791_430954000000000_HOO
|7 0
|9 18874
|a MAIN
|b MAIN
|d 2015-12-07
|e Current Books, Kottayam
|g 950.00
|l 1
|o 791.430954 HOO
|p 18970
|r 2016-10-17
|s 2016-09-07
|w 2015-12-07
|y BK
|
| 952 |
|
|
|0 0
|1 0
|2 ddc
|4 0
|6 791_430954000000000_HOO
|7 0
|9 18875
|a MAIN
|b MAIN
|d 2015-12-07
|e Current Books, Kottayam
|g 950.00
|o 791.430954 HOO
|p 18971
|r 2015-12-07
|w 2015-12-07
|y BK
|
| 952 |
|
|
|0 0
|1 0
|2 ddc
|4 0
|6 791_430954000000000_HOO
|7 0
|9 23408
|a MAIN
|b MAIN
|d 2017-03-01
|e Calicut Books
|g 1025.00
|o 791.430954 HOO
|p 23669
|r 2017-03-01
|t 4
|w 2017-03-01
|y BK
|